000 01358cam a2200325 a 4500
001 14003222
003 CEME
005 20210628201552.0
008 050615s2006 maua 001 0 eng
010 _a 2005928927
020 _a0072962763 (student edition (softcover) : alk. paper)
020 _a0072962771 (annotated instructor's edition (softcover) : alk. paper)
020 _a0072962755 (CDROM)
040 _aDLC
_cDLC
_dDLC
050 0 0 _aPE1408
_b.L318 2006
100 1 _aLangan, John,
_d1942-
_92562
245 1 0 _aEnglish skills
_cJohn Langan.
250 _a8th ed.
260 _aBoston :
_bMcGraw-Hill,
_cc2006.
300 _axvi, 604 p. :
_bill. (some col.) ;
_c24 cm. +
_e1 CD-ROM ; 4 3/4 in.
500 _aAccompanying CD-ROM has title: English skills and English skills with readings.
500 _aIncludes index.
538 _aSystems requirements for accompanying CD-ROM: IBM-compatible PC; Windows NT4.0; and Internet browser or Macintosh power PC; MAC OS9.2 or OS X with Classic 9, and Internet browser.
650 0 _aEnglish language
_xRhetoric.
_93245
650 0 _aEnglish language
_xGrammar.
_935697
650 0 _aReport writing.
_93246
740 0 2 _aEnglish skills and English skills with readings.
856 4 1 _3Table of contents only
_uhttp://www.loc.gov/catdir/enhancements/fy0702/2005928927-t.html
942 _2ddc
_cBK
999 _c566508
_d566508